La hora veinticinco / (Record no. 14430)
[ view plain ]
| 000 -CABECERA | |
|---|---|
| campo de control de longitud fija | 00959nam a2200277 a 4500 |
| 001 - NÚMERO DE CONTROL | |
| campo de control | 000014850 |
| 005 - FECHA Y HORA DE LA ÚLTIMA TRANSACCIÓN | |
| campo de control | 20200929163916.0 |
| 008 - DATOS DE LONGITUD FIJA--INFORMACIÓN GENERAL | |
| campo de control de longitud fija | 100123s1954 sp 000 f spa d |
| 040 ## - FUENTE DE LA CATALOGACIÓN | |
| Centro catalogador/agencia de origen | DO-SdBNP |
| Lengua de catalogación | spa |
| Centro/agencia transcriptor | BNPHU |
| 041 17 - CÓDIGO DE LENGUA | |
| Código de lengua del texto/banda sonora o título independiente | spa |
| Código de lengua original | fre |
| Fuente del código | Código de idioma MARC |
| 082 ## - NÚMERO DE LA CLASIFICACIÓN DECIMAL DEWEY | |
| Número de clasificación | 859.3 |
| Número de documento/Ítem | V816h, 1954 |
| 049 ## - FONDOS LOCALES (OCLC) | |
| Fondos de biblioteca | BNGR |
| 100 1# - ENTRADA PRINCIPAL--NOMBRE DE PERSONA | |
| Nombre de persona | Virgil Gheorghiu, C., |
| Forma completa/desarrollada del nombre | (Constantin Virgil Gheorghiu) |
| Fechas asociadas al nombre | 1916-1992 |
| 9 (RLIN) | 33650 |
| 240 13 - TÍTULO UNIFORME | |
| Título uniforme | La vingt-cinquieme heure, |
| Lenguaje de la obra | Español. |
| 245 13 - MENCIÓN DE TÍTULO | |
| Título | La hora veinticinco / |
| Mención de responsabilidad, etc. | C. Virgil Gheorghiu ; traducción de Jesús Ruiz y Ruiz. |
| 250 ## - MENCIÓN DE EDICIÓN | |
| Mención de edición | 5a ed. |
| 260 ## - PUBLICACIÓN, DISTRIBUCIÓN, ETC. | |
| Lugar de publicación, distribución, etc. | Barcelona : |
| Nombre del editor, distribuidor, etc. | Luis de Caralt, |
| Fecha de publicación, distribución, etc. | 1954. |
| 300 ## - DESCRIPCIÓN FÍSICA | |
| Extensión | 296 p. ; |
| Dimensiones | 18 cm. |
| 490 1# - MENCIÓN DE SERIE | |
| Mención de serie | Libros de hoy |
| 490 1# - MENCIÓN DE SERIE | |
| Mención de serie | Literaria |
| 534 ## - NOTA SOBRE LA VERSIÓN ORIGINAL | |
| Frase introductoria | Título original en francés: |
| Mención de título del original | La vingt-cinquieme heure |
| 650 #4 - PUNTO DE ACCESO ADICIONAL DE MATERIA--TÉRMINO DE MATERIA | |
| Término de materia o nombre geográfico como elemento de entrada | Novela rumana |
| 9 (RLIN) | 33651 |
| 650 #4 - PUNTO DE ACCESO ADICIONAL DE MATERIA--TÉRMINO DE MATERIA | |
| Término de materia o nombre geográfico como elemento de entrada | Literatura rumana |
| Subdivisión cronológica | SIGLO XX |
| 9 (RLIN) | 33652 |
| 700 1# - PUNTO DE ACCESO ADICIONAL--NOMBRE DE PERSONA | |
| Nombre de persona | Ruiz y Ruiz, Jesús, |
| Término indicativo de función/relación | tr. |
| 9 (RLIN) | 9892 |
| 830 #0 - PUNTO DE ACCESO ADICIONAL DE SERIE-TÍTULO UNIFORME | |
| Título uniforme | Libros de hoy ; |
| Nombre de parte o sección de la obra | Literaria |
| 9 (RLIN) | 33653 |
| Estado de retiro | Estado de pérdida | Restricciones de uso | No para préstamo | Código de colección | Localización permanente | Ubicación/localización actual | Ubicación en estantería | Fecha de adquisición | Número de inventario | Total de préstamos | Signatura topográfica completa | Código de barras | Fecha visto por última vez | Precio válido a partir de | Tipo de ítem Koha |
|---|---|---|---|---|---|---|---|---|---|---|---|---|---|---|---|
| Préstamo interno | Monografías: Libros y Folletos | General | General | En catalogación | 23.01.2010 | LF1 | 859.3 V816h, 1954 | 14850-10 | 25.06.2020 | 25.06.2020 | Préstamo interno |
